5HLuxD.jpg

KING HENRY VIII SENIOR AND PRIMARY SCHOOL LIBRARY OPAC

Diary of a wimpy kid : (Record no. 579)

000 -LEADER
fixed length control field 01565cam a2200505Ia 4500
001 - CONTROL NUMBER
control field 805986862
003 - CONTROL NUMBER IDENTIFIER
control field OCoLC
005 - DATE AND TIME OF LATEST TRANSACTION
control field 20190828162609.0
008 - FIXED-LENGTH DATA ELEMENTS--GENERAL INFORMATION
fixed length control field 120813s2012 nyua c 000 1 eng d
020 ## - INTERNATIONAL STANDARD BOOK NUMBER
International Standard Book Number 9780241342749
020 ## - INTERNATIONAL STANDARD BOOK NUMBER
International Standard Book Number 9780241342800
Qualifying information Box set
035 ## - SYSTEM CONTROL NUMBER
System control number (OCoLC)805986862
040 ## - CATALOGING SOURCE
Original cataloging agency UPZ
Language of cataloging eng
Transcribing agency UPZ
Modifying agency IEB
-- IEP
-- JST
-- TnLvILS
082 ## - DEWEY DECIMAL CLASSIFICATION NUMBER
Classification number FIC KIN
091 ## - MICROFILM SHELF LOCATION (AM) [OBSOLETE]
Microfilm shelf location FIC
100 1# - MAIN ENTRY--PERSONAL NAME
Personal name Kinney, Jeff.
Relator term author
245 10 - TITLE STATEMENT
Title Diary of a wimpy kid :
Remainder of title the third wheel /
Statement of responsibility, etc. by Jeff Kinney.
246 30 - VARYING FORM OF TITLE
Title proper/short title Third wheel.
260 ## - PUBLICATION, DISTRIBUTION, ETC.
Place of publication, distribution, etc. London :
Name of publisher, distributor, etc. Puffin,
Date of publication, distribution, etc. 2012.
300 ## - PHYSICAL DESCRIPTION
Extent 217 p. :
Other physical details ill. ;
Dimensions 22 cm.
490 1# - SERIES STATEMENT
Series statement Diary of a wimpy kid ;
Volume/sequential designation 7.
520 ## - SUMMARY, ETC.
Summary, etc. A Valentine's Day dance at Greg's middle school has turned his world upside down until an unexpected twist gives Greg a partner for the dance and leaves his best friend Rowley the odd man out.
650 #0 - SUBJECT ADDED ENTRY--TOPICAL TERM
Topical term or geographic name entry element Middle schools
Form subdivision Fiction.
650 #0 - SUBJECT ADDED ENTRY--TOPICAL TERM
Topical term or geographic name entry element Schools
Form subdivision Fiction.
650 #0 - SUBJECT ADDED ENTRY--TOPICAL TERM
Topical term or geographic name entry element Valentine's Day
Form subdivision Fiction.
650 #0 - SUBJECT ADDED ENTRY--TOPICAL TERM
Topical term or geographic name entry element Dance parties
Form subdivision Fiction.
650 #0 - SUBJECT ADDED ENTRY--TOPICAL TERM
Topical term or geographic name entry element Best friends
Form subdivision Fiction.
650 #0 - SUBJECT ADDED ENTRY--TOPICAL TERM
Topical term or geographic name entry element Families
Form subdivision Fiction.
655 #7 - INDEX TERM--GENRE/FORM
Genre/form data or focus term Humorous fiction.
Source of term lcgft.
655 #0 - INDEX TERM--GENRE/FORM
Genre/form data or focus term Diary fiction.
800 1# - SERIES ADDED ENTRY--PERSONAL NAME
Personal name Kinney, Jeff.
Title of a work Diary of a wimpy kid ;
Volume/sequential designation 7.
901 ## - LOCAL DATA ELEMENT A, LDA (RLIN)
a INGRAMD131008-6
901 ## - LOCAL DATA ELEMENT A, LDA (RLIN)
a INGRAMD130926-16
901 ## - LOCAL DATA ELEMENT A, LDA (RLIN)
a BTCLS
908 #4 - PUT COMMAND PARAMETER (RLIN)
Put command parameter PZ7.K6232
942 ## - ADDED ENTRY ELEMENTS (KOHA)
Source of classification or shelving scheme
Koha item type Books - Fiction
945 ## - LOCAL PROCESSING INFORMATION (OCLC)
a .o17310490
945 ## - LOCAL PROCESSING INFORMATION (OCLC)
a .o1719555x
945 ## - LOCAL PROCESSING INFORMATION (OCLC)
a .o16807182
945 ## - LOCAL PROCESSING INFORMATION (OCLC)
a .o16665867
945 ## - LOCAL PROCESSING INFORMATION (OCLC)
a .o16558947
945 ## - LOCAL PROCESSING INFORMATION (OCLC)
a .o16436556
945 ## - LOCAL PROCESSING INFORMATION (OCLC)
a .o15936971
945 ## - LOCAL PROCESSING INFORMATION (OCLC)
a .o15932308
Holdings
Withdrawn status Lost status Source of classification or shelving scheme Damaged status Not for loan Collection code Permanent Location Current Location Shelving location Date acquired Total Checkouts Total Renewals Full call number Barcode Date due Date last seen Date last checked out Price effective from Koha item type Public note
          Fiction KH8 Primary School Library KH8 Primary School Library Fiction 2025-04-25 10 1 FIC KIN KHPL000006812   2026-03-16 2026-03-09 2025-04-25 Books - Fiction KH8 PRIMARY LIBRARY
          Fiction KH8 Senior School Library KH8 Senior School Library Fiction 2019-08-28 5 2 FIC KIN 3KHSL000101271 2021-04-06 2021-03-23 2021-03-23 2019-08-28 Books - Fiction  
          Fiction KH8 Senior School Library KH8 Senior School Library Fiction 2019-08-28     FIC KIN     2025-04-25   2019-08-28 Books - Fiction  

Powered By KH8 IT Dept